| 000 | 00726nam a22001937a 4500 | ||
|---|---|---|---|
| 003 | 0 | ||
| 005 | 20250925120012.0 | ||
| 008 | 250925b xxu||||| |||| 00| 0 eng d | ||
| 020 | _a978-1-394-24326-6 | ||
| 050 |
_aHF 5429.23 _b.M38 2025 |
||
| 100 |
_aMathews, Joe, _eauthor. |
||
| 245 |
_aThe Ultimate guide to responsible franchising : _bidentifying and investigating the right franchise to maximize your rewards and minimize risk / _cJoe Mathews. |
||
| 260 |
_aHoboken, New Jersey : _bJohn Wiley & Sons, Inc., _c2025. |
||
| 300 |
_axix, 331 pages ; _c24 cm. |
||
| 504 | _aIncludes bibliographical references and index. | ||
| 650 | _aFranchises (Retail trade). | ||
| 650 | _aSale of business enterprises. | ||
| 942 |
_2lcc _cBK |
||
| 999 |
_c368103 _d368103 |
||